| 000 | 00365nam a22001457a 4500 | ||
|---|---|---|---|
| 999 |
_c5772 _d5770 |
||
| 005 | 20210827151520.0 | ||
| 008 | 190326b xxu||||| |||| 00| 0 eng d | ||
| 020 | _a978-93-88293-84-6 | ||
| 041 | _aeng | ||
| 100 |
_aBHISE, DR. S.B. AND OTHERS _94899 |
||
| 245 | _aA TEXTBOOK OF PHARMACOLOGY-I | ||
| 260 |
_a2019 _bNIRALI PRAKASHAN |
||
| 300 | _aA.18 p, | ||
| 942 | _cBK | ||